Nghiên cứu một số đặc điểm sinh học của cá lau kính (Pterygoplichthys disjunctivus) : Luận văn tốt nghiệp cao học. Ngành nuôi trồng thủy sản
Đề tài nghiên cứu một số đặc điểm sinh học của cá lau kính. Xác định các chỉ tiêu hình thái của cá lau kính
Guardado en:
| Autor principal: | |
|---|---|
| Formato: | Libro |
| Lenguaje: | Undetermined |
| Publicado: |
Cần Thơ
Trường Đại học Cần Thơ
2012
|
| Materias: | |
| Etiquetas: |
Agregar Etiqueta
Sin Etiquetas, Sea el primero en etiquetar este registro!
|
| Thư viện lưu trữ: | Trung tâm Học liệu Trường Đại học Cần Thơ |
|---|
| LEADER | 01056nam a2200217Ia 4500 | ||
|---|---|---|---|
| 001 | CTU_178678 | ||
| 008 | 210402s9999 xx 000 0 und d | ||
| 082 | |a 597.49 | ||
| 082 | |b O.408 | ||
| 088 | |a 60620301 | ||
| 100 | |a Huỳnh, Thị Hoàng Oanh | ||
| 245 | 0 | |a Nghiên cứu một số đặc điểm sinh học của cá lau kính (Pterygoplichthys disjunctivus) : | |
| 245 | 0 | |b Luận văn tốt nghiệp cao học. Ngành nuôi trồng thủy sản | |
| 245 | 0 | |c Huỳnh Thị Hoàng Oanh ; Phạm Thanh Liêm, Trần Đắc Định (Cán bộ hướng dẫn) | |
| 260 | |a Cần Thơ | ||
| 260 | |b Trường Đại học Cần Thơ | ||
| 260 | |c 2012 | ||
| 520 | |a Đề tài nghiên cứu một số đặc điểm sinh học của cá lau kính. Xác định các chỉ tiêu hình thái của cá lau kính | ||
| 650 | |a Freshwater fishes,Hypostomus,Cá nước ngọt,Cá lau kính | ||
| 904 | |i Năm | ||
| 980 | |a Trung tâm Học liệu Trường Đại học Cần Thơ | ||